Countries that Border Germany - Sudden Death - Statistics

General Stats
  • This quiz has been taken 392 times
  • The average score is 7 of 9
Answers on the Grid
Answers color-coded by a green-red scale on the quiz's grid according to % correct below.
Switzerland
Austria
Czech Republic
Poland
Denmark
Netherlands
Belgium
Luxembourg
France
Liechtenstein
Sweden
Slovakia
Hungary
Lithuania
Russia
Italy
Spain
Slovenia
 
Answer Stats
Answer % Correct
Poland
82%
France
81%
Austria
80%
Denmark
80%
Switzerland
78%
Netherlands
76%
Czech Republic
75%
Belgium
74%
Luxembourg
73%
No matching quizzes found
Score Distribution
Percent of People with Each Score
Percentile by Number Answered
Your Score History
You have not taken this quiz